Finančný trh - nástroje, transakcie, inštitúcie

Recenzia publikácie Chovancová, B. a kol.: Finančný trh - nástroje, transakcie, inštitúcie. Bratislava: EUROUNION 1999. 535 s. Problematika finančného systému je rozdelená do 6 samostatných častí. Učebnica predstavuje kompletný študijný text pre študentov Ekonomickej univerzity a ďalších škôl s ekon...

ver descrição completa

Na minha lista:
Detalhes bibliográficos
Autor principal: Klimiková, Mária
Formato: Capítulo de Livro
Idioma:eslovaco
Assuntos:
Tags: Adicionar Tag
Sem tags, seja o primeiro a adicionar uma tag!

MARC

LEADER 00000naa a2200000 4500
001 r037894
005 20220525111047.5
041 0 |a slo 
044 |a SK 
245 1 0 |a Finančný trh - nástroje, transakcie, inštitúcie  |c Mária Klimiková 
520 |a Recenzia publikácie Chovancová, B. a kol.: Finančný trh - nástroje, transakcie, inštitúcie. Bratislava: EUROUNION 1999. 535 s. Problematika finančného systému je rozdelená do 6 samostatných častí. Učebnica predstavuje kompletný študijný text pre študentov Ekonomickej univerzity a ďalších škôl s ekonomickým zameraním. 
610 2 0 |a recenzie 
610 2 0 |a trh finančný 
610 2 0 |a nástroje finančné 
610 2 0 |a organizácie finančné 
100 1 |a Klimiková, Mária